Estadísticas para Ganadores del Tour de Francia

Haz click aquí para intentar la prueba.

Estadísticas generales

  • Esta prueba ha sido intentada 54 veces
  • La puntuación promedio es 39 de 110

Estadísticas de respuestas

HintRespuesta% Correcto
1991 | 1992 | 1993 | +2 othersMiguel Induráin
94%
2007 | 2009Alberto Contador
89%
2013 | 2015 | 2016 | 2017Chris Froome
89%
1988Pedro Delgado
83%
2020 | 2021Tadej Pogačar
81%
2022 | 2023Jonas Vingegaard
78%
1969 | 1970 | 1971 | +2 othersEddy Merckx
75%
1999 | 2000 | 2001 | +4 othersLance Armstrong (no otorgado)
69%
2019Egan Bernal
64%
2008Carlos Sastre
61%
2014Vincenzo Nibali
61%
2018Geraint Thomas
58%
1998Marco Pantani
58%
2011Cadel Evans
56%
1957 | 1961 | 1962 | +2 othersJacques Anquetil
56%
1978 | 1979 | 1981 | +2 othersBernard Hinault
53%
2010Andy Schleck
50%
1959Federico Martín Bahamontes
50%
1973Luis Ocaña
50%
2006Óscar Pereiro
47%
2012Bradley Wiggins
42%
1997Jan Ullrich
42%
1983 | 1984Laurent Fignon
42%
1986 | 1989 | 1990Greg LeMond
39%
1949 | 1952Fausto Coppi
36%
1996Bjarne Riis
31%
1987Stephen Roche
28%
1958Charly Gaul
14%
1938 | 1948Gino Bartali
14%
1980Joop Zoetemelk
11%
1975 | 1977Bernard Thévenet
8%
1965Felice Gimondi
8%
1956Roger Walkowiak
8%
1923Henri Pélissier
6%
1953 | 1954 | 1955Louison Bobet
6%
1931 | 1934Antonin Magne
3%
1947Jean Robic
3%
1976Lucien van Impe
3%
1910Octave Lapize
3%
1967Roger Pingeon
3%
1930 | 1932André Leducq
0%
1950Ferdinand Kübler
0%
1919 | 1922Firmin Lambot
0%
1909François Faber
0%
1960Gastone Nencini
0%
1933Georges Speicher
0%
1911Gustave Garrigou
0%
1904Henri Cornet
0%
1951Hugo Koblet
0%
1968Jan Janssen
0%
1921Léon Scieur
0%
1905Louis Trousselier
0%
1966Lucien Aimar
0%
1926Lucien Buysse
0%
1907 | 1908Lucien Petit-Breton
0%
1929Maurice De Waele
0%
1903Maurice Garin
0%
1927 | 1928Nicolas Frantz
0%
1912Odile Defraye
0%
1924 | 1925Ottavio Bottecchia
0%
1913 | 1914 | 1920Philippe Thys
0%
1906René Pottier
0%
1937Roger Lapébie
0%
1935Romain Maes
0%
1936 | 1939Sylvère Maes
0%

Distribución de puntuación

Porcentaje por número respondido

Porcentaje de gente con cada puntuación

Historial de tus puntuaciones

No has intentado esta prueba.